00956nam a2200229 i 450000100060000000300090000600500170001500700030003200800410003510000630007624501240013926000280026330000220029149000470031365000470036065000480040765100550045583000550051085200220056599900170058795201220060493978ES-MaACL20250831120132.0t|050426s1968 sp ||||1| spa d1 aLópez de Sebastian y Gómez de Agüero, José.97359010aReforma agraria en España b: (Sierra Morena en el S. XVIII) / cJosé López de Sebastián y Gómez de Agüero. aMadrid : bZYX, c1968. a230 p. ; c20 cm.1 aBiblioteca "Promoción del pueblo" ; v23 4aColonización agraria-zEspaña.917066304aReforma agraria-zEspaña-yS.XVIII916722 4aSierra Morena (España)-xColonización.91716601 aBiblioteca "Promoción del pueblo" ; v239180624 aES-MaACLjC-50502 c93978d93978 00104070aATENEOMbATENEOMcDEPO2d2008-01-17eSCl0oC-50502p1098145r2023-02-23 00:00:00w2023-02-23yMONOGRAFIA